Il Governo parlamentare in Inghilterra ed in Italia (Record no. 183435)

MARC details
000 -LEADER
campo de control de longitud fija 00953nam a2200193 i 4500
001 - NÚMERO DE CONTROL
campo de control 183435
003 - IDENTIFICADOR DE NÚMERO DE CONTROL
campo de control ES-MaACL
005 - FECHA Y HORA DE LA ÚLTIMA TRANSACCIÓN
campo de control 20230906221907.0
008 - DATOS DE LONGITUD FIJA--INFORMACIÓN GENERAL
campo de control de longitud fija 140422s1886 it |||| | ita d
100 1# - ENTRADA PRINCIPAL--NOMBRE DE PERSONA
Nombre de persona Brunialti, Attilio.
9 (RLIN) 32183
245 13 - MENCIÓN DEL TÍTULO
Título Il Governo parlamentare in Inghilterra ed in Italia
Resto del título : prefazione /
Mención de responsabilidad, etc. A. Brunialti. Il Governo parlamentare in Inghilterra / A. Todd.
260 ## - PUBLICACIÓN, DISTRIBUCIÓN, ETC.
Lugar de publicación, distribución, etc. Torino :
Nombre del editor, distribuidor, etc. Unione Tipografico-Editrice,
Fecha de publicación, distribución, etc. 1886.
300 ## - DESCRIPCIÓN FÍSICA
Extensión XCIX, 1341 p. ;
Dimensiones 24 cm.
490 1# - MENCIÓN DE SERIE
Mención de serie Biblioteca di scienze politiche: scelta collezione delle più importanti opere moderne italiane e straniere di scienze politiche / diretta da Attilio Brunialti ;
Designación de volumen o secuencia 3
700 1# - ENTRADA AGREGADA--NOMBRE PERSONAL
Nombre de persona Todd, Alpheus.
9 (RLIN) 133281
830 0# - PUNTO DE ACCESO ADICIONAL DE SERIE-TÍTULO UNIFORME
Título uniforme Biblioteca di scienze politiche: scelta collezione delle più importanti opere moderne italiane e straniere di scienze politiche / diretta da Attilio Brunialti ;
Designación de volumen o secuencia 3
9 (RLIN) 191986
852 ## - LOCALIZACIÓN
Ubicación ES-MaACL
Número de control de estantería B-9315
Holdings
Estatus retirado Estado de pérdida Estado de daño No para préstamo Colección Biblioteca de origen Biblioteca actual Ubicación en estantería Fecha de adquisición Fuente de adquisición Total de préstamos Signatura topográfica completa Código de barras Visto por última vez Precio de reemplazo Tipo de ítem Koha
        Libros del s. XIX Biblioteca del Ateneo de Madrid Biblioteca del Ateneo de Madrid Sala Pardo Bazán 22/04/2014     B-9315 1192802 23/02/2023 23/02/2023 Libro impreso antiguo